Thank you, Sarah : (Record no. 7029)

MARC details
000 -LEADER
fixed length control field 00944nam a22002657a 4500
001 - CONTROL NUMBER
control field 7029
003 - CONTROL NUMBER IDENTIFIER
control field FISKH
005 - DATE AND TIME OF LATEST TRANSACTION
control field 20250619093826.0
008 - FIXED-LENGTH DATA ELEMENTS--GENERAL INFORMATION
fixed length control field 250619b cb ||||| |||| 00| 0 eng d
020 ## - INTERNATIONAL STANDARD BOOK NUMBER
International Standard Book Number 9780689851438
040 ## - CATALOGING SOURCE
Original cataloging agency FISKH
Language of cataloging eng
Transcribing agency FISKH
Modifying agency FISKH
050 ## - LIBRARY OF CONGRESS CALL NUMBER
Classification number GT4975 .A53
082 ## - DEWEY DECIMAL CLASSIFICATION NUMBER
Classification number 394.2649
100 ## - MAIN ENTRY--PERSONAL NAME
Personal name Anderson, Laurie Halse
245 ## - TITLE STATEMENT
Title Thank you, Sarah :
Remainder of title The woman who saved thanksgiving /
Statement of responsibility, etc. by Laurie Halse Anderson ; Illustrated by Matt Faulkner
260 ## - PUBLICATION, DISTRIBUTION, ETC.
Place of publication, distribution, etc. New York :
Name of publisher, distributor, etc. Aladdin Paperback,
Date of publication, distribution, etc. 2002.
300 ## - PHYSICAL DESCRIPTION
Extent 40 unnumbered pages :
Other physical details color illustrations ;
Dimensions 22 x 28 cm
505 ## - FORMATTED CONTENTS NOTE
Formatted contents note O<br/>
520 ## - SUMMARY, ETC.
Summary, etc. Relates how Sarah Hale, a magazine editor and author, persuaded President Lincoln to transform Thanksgiving Day into a national holiday.
521 8# - TARGET AUDIENCE NOTE
Target audience note 600<br/>
Source Lexile AD <br/>
521 8# - TARGET AUDIENCE NOTE
Target audience note O<br/>
Source Raz-Plus<br/>
650 ## - SUBJECT ADDED ENTRY--TOPICAL TERM
Topical term or geographic name entry element Biography
Form subdivision American history
General subdivision Determination
942 ## - ADDED ENTRY ELEMENTS (KOHA)
Source of classification or shelving scheme Dewey Decimal Classification
Koha item type Books
Suppress in OPAC No
Holdings
Withdrawn status Lost status Source of classification or shelving scheme Damaged status Not for loan Collection Home library Current library Shelving location Date acquired Total Checkouts Full call number Barcode Date last seen Date last checked out Copy number Price effective from Koha item type
    Dewey Decimal Classification     Non-Fiction Footprints International School Library Network Toul Kork Campus Footprints International School Library Network Toul Kork Campus TK Primary Library Room(4th Floor), Bookcase 3&4, Shelves 17-32, Yellow Books 06/19/2025 1 AND 394.2649 GT4975 .A53 FISTK01662 10/17/2025 10/03/2025 1 06/19/2025 Books